<?xml version="1.0" encoding="UTF-8"?>
<record
    xmlns:xsi="http://www.w3.org/2001/XMLSchema-instance"
    xsi:schemaLocation="http://www.loc.gov/MARC21/slim http://www.loc.gov/standards/marcxml/schema/MARC21slim.xsd"
    xmlns="http://www.loc.gov/MARC21/slim">

  <leader>03721aam a2200373 i 4500</leader>
  <controlfield tag="001">1574874</controlfield>
  <controlfield tag="003">CO-MdUADB</controlfield>
  <controlfield tag="005">20260221100725.0</controlfield>
  <controlfield tag="007">ta</controlfield>
  <controlfield tag="008">220816s2008    ck d|||gr||||   0 0 spa d</controlfield>
  <datafield tag="020" ind1=" " ind2=" ">
    <subfield code="a">9588239273</subfield>
    <subfield code="q">ISBN-10</subfield>
  </datafield>
  <datafield tag="020" ind1=" " ind2=" ">
    <subfield code="a">9789588239279</subfield>
    <subfield code="q">ISBN-13</subfield>
  </datafield>
  <datafield tag="035" ind1=" " ind2=" ">
    <subfield code="a">1574874</subfield>
  </datafield>
  <datafield tag="040" ind1=" " ind2=" ">
    <subfield code="a">CO-MdUADB</subfield>
    <subfield code="b">spa</subfield>
    <subfield code="c">CO-MdUADB</subfield>
    <subfield code="e">rda</subfield>
  </datafield>
  <datafield tag="041" ind1="0" ind2=" ">
    <subfield code="a">spa</subfield>
  </datafield>
  <datafield tag="082" ind1="0" ind2="4">
    <subfield code="a">356</subfield>
  </datafield>
  <datafield tag="082" ind1="0" ind2="4">
    <subfield code="a">322.42</subfield>
  </datafield>
  <datafield tag="100" ind1="1" ind2=" ">
    <subfield code="a">Fals Borda, Orlando,</subfield>
    <subfield code="d">1925-2008</subfield>
    <subfield code="e">org</subfield>
    <subfield code="0">(isni)0000 0000 8173 6044</subfield>
    <subfield code="0">(viaf)49250840</subfield>
    <subfield code="9">242742</subfield>
  </datafield>
  <datafield tag="245" ind1="1" ind2="3">
    <subfield code="a">La subversi&#xF3;n en Colombia :</subfield>
    <subfield code="b">el cambio social en la historia /</subfield>
    <subfield code="c">Orlando Fals Borda</subfield>
  </datafield>
  <datafield tag="250" ind1=" " ind2=" ">
    <subfield code="a">4a edici&#xF3;n actualizada</subfield>
  </datafield>
  <datafield tag="264" ind1=" " ind2="1">
    <subfield code="a">Bogot&#xE1; :</subfield>
    <subfield code="b">Fundaci&#xF3;n para la Investigaci&#xF3;n y la Cultura FICA :</subfield>
    <subfield code="b">Centro Estrat&#xE9;gico de Pensamiento Alternativo CEPA,</subfield>
    <subfield code="c">2008</subfield>
  </datafield>
  <datafield tag="300" ind1=" " ind2=" ">
    <subfield code="a">298 p&#xE1;ginas, 1 hoja plegable :</subfield>
    <subfield code="b">gr&#xE1;ficas (blanco y negro) ; 24 cm.</subfield>
  </datafield>
  <datafield tag="336" ind1=" " ind2=" ">
    <subfield code="a">texto</subfield>
    <subfield code="b">txt</subfield>
    <subfield code="0">(uri)http://www.rdaregistry.info/termList/RDAContentType/#1020</subfield>
    <subfield code="2">rdacontent</subfield>
  </datafield>
  <datafield tag="337" ind1=" " ind2=" ">
    <subfield code="a">no mediado</subfield>
  </datafield>
  <datafield tag="338" ind1=" " ind2=" ">
    <subfield code="a">volumen</subfield>
    <subfield code="0">(uri)http://www.rdaregistry.info/termList/RDACarrierType/#1049</subfield>
  </datafield>
  <datafield tag="490" ind1="1" ind2=" ">
    <subfield code="a">Colecci&#xF3;n Fica-CEPA</subfield>
    <subfield code="v">2</subfield>
  </datafield>
  <datafield tag="505" ind1="2" ind2=" ">
    <subfield code="t">De la subversi&#xF3;n y la finalidad hist&#xF3;rica. --</subfield>
    <subfield code="t">La descomposici&#xF3;n del orden. --</subfield>
    <subfield code="t">Apogeo y perigeo del orden. --</subfield>
    <subfield code="t">De la utop&#xED;a a la realidad. --</subfield>
    <subfield code="t">Subversi&#xF3;n y frustraci&#xF3;n en el siglo XIX. --</subfield>
    <subfield code="t">Ajuste y compulsi&#xF3;n. --</subfield>
    <subfield code="t">Subversi&#xF3;n y frustraci&#xF3;n en el siglo XX. --</subfield>
    <subfield code="t">Reiteraci&#xF3;n de la utop&#xED;a. --</subfield>
    <subfield code="t">Alternativas para la proyecci&#xF3;n. --</subfield>
    <subfield code="t">El ritmo social de la historia.</subfield>
  </datafield>
  <datafield tag="520" ind1="3" ind2=" ">
    <subfield code="a">Es la obra cumbre de Orlando Fals Borda, dijeron sus primeros lectores en 1967. Su visi&#xF3;n debe completarse, sostuvieron otros mucho despu&#xE9;s. Cumpliendo este cometido, hoy se reedita por cuarta vez llevando el an&#xE1;lisis hasta el presente. Con esta nueva edici&#xF3;n el Maestro llena un vac&#xED;o en el estudio de la historia colombiana desde la pre-Conquista para examinar los eventos m&#xE1;s recientes. Estos dan a entender que comienza "una nueva era por la paz" en Colombia y quiz&#xE1;s tambi&#xE9;n en Am&#xE9;rica Latina, donde la espiral ascendente de la historia se mueve a la izquierda ideol&#xF3;gica. Muestra la necesidad imperiosa de relevo del gobierno y del presidente Uribe, como condici&#xF3;n b&#xE1;sica para recuperar la dignidad, la decencia y la democracia del pueblo colombiano. Este argumento optimista encuentra en este estudio apoyos hist&#xF3;ricos, te&#xF3;ricos y conceptuales. Ve crisis en el guerrerismo uribista y fatiga por acumulaci&#xF3;n de la violencia que sufre el pueblo. Sabidos los gobernantes culpables, un nuevo orden social se proyecta a partir de los cuatros &#xF3;rdenes que el autor identifica. Se necesita una subversi&#xF3;n moral, como la acaudillada por el padre y soci&#xF3;logo Camilo Torres Restrepo en 1965. Fals Borda subraya el papel de "grupos claves" como los de la izquierda democr&#xE1;tica en el Polo Alternativo, del que es presidente honorario. Atender el anticl&#xED;max de la actual saturaci&#xF3;n b&#xE9;lica en el pa&#xED;s es tarea t&#xE1;ctica necesaria, as&#xED; como impulsar los movimientos hacia el Socialismo Raizal. Esta es la lecci&#xF3;n que transmite, con la sencillez y elocuencia de un veterano activo de las gestas populares, dedicada a las nuevas generaciones. Las que marcharon y cantaron por la paz y por la vida, el 6 de marzo de 2008. (Tomado de la cubierta trasera del libro).</subfield>
  </datafield>
  <datafield tag="650" ind1=" " ind2="7">
    <subfield code="a">Cambio social</subfield>
    <subfield code="2">lemb</subfield>
    <subfield code="9">856745</subfield>
    <subfield code="x">Historia</subfield>
    <subfield code="z">Colombia</subfield>
  </datafield>
  <datafield tag="650" ind1=" " ind2="7">
    <subfield code="a">Guerrillas</subfield>
    <subfield code="2">lemb</subfield>
    <subfield code="9">100649</subfield>
    <subfield code="x">Historia</subfield>
    <subfield code="z">Colombia</subfield>
  </datafield>
  <datafield tag="651" ind1=" " ind2="7">
    <subfield code="2">lemb</subfield>
    <subfield code="9">854067</subfield>
    <subfield code="a">Colombia</subfield>
    <subfield code="x">Condiciones sociales</subfield>
  </datafield>
  <datafield tag="830" ind1=" " ind2="0">
    <subfield code="9">856743</subfield>
    <subfield code="a">Colecci&#xF3;n Fica-CEPA (Fundaci&#xF3;n para la Investigaci&#xF3;n y la Cultura)</subfield>
    <subfield code="v">2</subfield>
  </datafield>
  <datafield tag="942" ind1=" " ind2=" ">
    <subfield code="c">BOOK</subfield>
    <subfield code="2">ddc</subfield>
  </datafield>
  <datafield tag="999" ind1=" " ind2=" ">
    <subfield code="c">838000</subfield>
    <subfield code="d">838000</subfield>
  </datafield>
  <datafield tag="952" ind1=" " ind2=" ">
    <subfield code="0">0</subfield>
    <subfield code="1">0</subfield>
    <subfield code="2">ddc</subfield>
    <subfield code="4">0</subfield>
    <subfield code="5">1</subfield>
    <subfield code="7">0</subfield>
    <subfield code="8">FCGD</subfield>
    <subfield code="a">BC</subfield>
    <subfield code="b">BC</subfield>
    <subfield code="d">2022-08-16</subfield>
    <subfield code="e">Familia Carlos Gaviria D&#xED;az</subfield>
    <subfield code="f">DONA</subfield>
    <subfield code="g">35000.00</subfield>
    <subfield code="i">C13325926</subfield>
    <subfield code="l">0</subfield>
    <subfield code="o">CGD 322.42 F197</subfield>
    <subfield code="p">01084798</subfield>
    <subfield code="r">2023-05-05 00:00:00</subfield>
    <subfield code="w">2023-05-05</subfield>
    <subfield code="y">BOOKI</subfield>
    <subfield code="z">  </subfield>
    <subfield code="z"> Copias dedicadas </subfield>
    <subfield code="z"> Subrayado </subfield>
    <subfield code="z"> Anotaciones </subfield>
    <subfield code="z"> Material agregado</subfield>
  </datafield>
  <datafield tag="952" ind1=" " ind2=" ">
    <subfield code="0">0</subfield>
    <subfield code="1">0</subfield>
    <subfield code="2">ddc</subfield>
    <subfield code="4">0</subfield>
    <subfield code="7">0</subfield>
    <subfield code="8">GEN</subfield>
    <subfield code="a">BC</subfield>
    <subfield code="b">BC</subfield>
    <subfield code="d">2023-08-29</subfield>
    <subfield code="e">material adquirido por donaci&#xF3;n</subfield>
    <subfield code="f">DONA</subfield>
    <subfield code="g">28000.00</subfield>
    <subfield code="l">5</subfield>
    <subfield code="o">356.15 F197</subfield>
    <subfield code="p">01106164</subfield>
    <subfield code="q">2026-04-06</subfield>
    <subfield code="r">2026-03-02 14:42:48</subfield>
    <subfield code="s">2026-03-02</subfield>
    <subfield code="w">2024-02-01</subfield>
    <subfield code="y">BOOK</subfield>
  </datafield>
</record>
